Normal view
MARC view
- التجارة الألكترونية- تشريعات وقوانين-مؤتمرات
Entry Topical Term
001 - CONTROL NUMBER
- control field: 59253
003 - CONTROL NUMBER IDENTIFIER
- control field: JO-AjAnu
005 - DATE AND TIME OF LATEST TRANSACTION
- control field: 20230606083706.0
008 - FIXED-LENGTH DATA ELEMENTS
- fixed length control field: 230606|| aca||aabn | a|a d
040 ## - CATALOGING SOURCE
- Original cataloging agency: JO-AjAnu
- Transcribing agency: JO-AjAnu
150 ## - HEADING--TOPICAL TERM
- Topical term or geographic name entry element: التجارة الألكترونية- تشريعات وقوانين-مؤتمرات
670 ## - SOURCE DATA FOUND
- Source citation: Work cat.: (JO-AjAnu)30222: العيسى، طلال , author 59252, تشريعات التجارة الألكترونية ومدى إمكانية تجاوز عوائقها وتطويرها: وقائع المؤتمر العلمي الدولي الربع لكلية الحقوق 4/2019 /30- 29 عجلون - الاردن